<?xml version="1.0" encoding="UTF-8"?>
<record
    xmlns:xsi="http://www.w3.org/2001/XMLSchema-instance"
    xsi:schemaLocation="http://www.loc.gov/MARC21/slim http://www.loc.gov/standards/marcxml/schema/MARC21slim.xsd"
    xmlns="http://www.loc.gov/MARC21/slim">

  <leader>00460nam a2200157Ia 4500</leader>
  <controlfield tag="008">230718s9999    xx            000 0 und d</controlfield>
  <datafield tag="041" ind1=" " ind2=" ">
    <subfield code="a">eng</subfield>
  </datafield>
  <datafield tag="082" ind1=" " ind2=" ">
    <subfield code="a">891.46'371</subfield>
    <subfield code="b">PAN</subfield>
  </datafield>
  <datafield tag="100" ind1=" " ind2=" ">
    <subfield code="a">Pandit S.</subfield>
  </datafield>
  <datafield tag="245" ind1=" " ind2=" ">
    <subfield code="a">Design Your Career</subfield>
    <subfield code="b">Nokarivirhit Arthvyavasthyet Samruddhi Sadhanyasathi </subfield>
  </datafield>
  <datafield tag="260" ind1=" " ind2=" ">
    <subfield code="c">2008</subfield>
    <subfield code="b">Mehta Publishing House</subfield>
  </datafield>
  <datafield tag="300" ind1=" " ind2=" ">
    <subfield code="a">130</subfield>
  </datafield>
  <datafield tag="365" ind1=" " ind2=" ">
    <subfield code="c">Rs.</subfield>
    <subfield code="b">120.00</subfield>
  </datafield>
  <datafield tag="700" ind1=" " ind2=" ">
    <subfield code="a">Pandit S.</subfield>
  </datafield>
  <datafield tag="906" ind1=" " ind2=" ">
    <subfield code="d">O:0358719-Dec-2013B:363513-Nov-2013</subfield>
    <subfield code="c">GENRL</subfield>
    <subfield code="b">24</subfield>
  </datafield>
  <datafield tag="999" ind1=" " ind2=" ">
    <subfield code="c">334346</subfield>
    <subfield code="d">334346</subfield>
  </datafield>
  <datafield tag="952" ind1=" " ind2=" ">
    <subfield code="0">0</subfield>
    <subfield code="1">0</subfield>
    <subfield code="4">0</subfield>
    <subfield code="7">0</subfield>
    <subfield code="a">CCEP</subfield>
    <subfield code="b">CCEP</subfield>
    <subfield code="d">2013-12-19</subfield>
    <subfield code="e">Om Book Stall</subfield>
    <subfield code="f">GENRL</subfield>
    <subfield code="g">96.00</subfield>
    <subfield code="i">3635</subfield>
    <subfield code="l">0</subfield>
    <subfield code="o">891.46'371</subfield>
    <subfield code="p">CCEP-BK-45553</subfield>
    <subfield code="r">2023-07-18 00:00:00</subfield>
    <subfield code="t">24</subfield>
    <subfield code="v">120.00</subfield>
    <subfield code="w">2013-11-13</subfield>
    <subfield code="y">BK</subfield>
    <subfield code="z">045553</subfield>
  </datafield>
</record>
